Normal view
MARC view
Entry Corporate Name
001 - CONTROL NUMBER
- control field: 10078
003 - CONTROL NUMBER IDENTIFIER
- control field: ARRUPE
005 - DATE AND TIME OF LATEST TRANSACTION
- control field: 20140505144856.0
008 - FIXED-LENGTH DATA ELEMENTS
- fixed length control field: 140505|| aca||aabn | a|a d
040 ## - CATALOGING SOURCE
- Original cataloging agency: ARRUPE
- Transcribing agency: ARRUPE
110 ## - HEADING--CORPORATE NAME
- Corporate name or jurisdiction name as entry element: Great Britain.
- Subordinate unit: Army.
- Subordinate unit: Division, 51st (Highland)
670 ## - SOURCE DATA FOUND
- Source citation: Work cat.: (ARRUPE)0: Linklater, Eric, 1899-1974. 10077, The Highland division,, 1942.